00306nam a2200121Ia 4500003000400000005001700004008004100021020001800062040002200080100001700102245003800119260002700157OSt20231221060954.0170524s9999 xx 000 0 und d a9788126123292 cIIMT UNIVERSITY  aSHAMSHI- N A 0aJOURNALISM : LANGUAGE & EXPERSION bANMOL PUB. : NEW DELHI